[Event "Foment Martinenc op-C 21st"]
[Site "Barcelona"]
[Date "2019.05.11"]
[Round "3"]
[White "Poot Gomez, Anthony"]
[Black "Bronchal Martinez, Isabel"]
[Result "1-0"]
[WhiteElo "1403"]
[BlackElo "1557"]
[PlyCount "53"]
[EventDate "2019.04.27"]
[EventType "swiss"]
[EventRounds "9"]
[EventCountry "ESP"]
[SourceTitle "EXT 2020"]
[Source "ChessBase"]
[SourceDate "2019.10.17"]
[SourceVersion "1"]
[SourceVersionDate "2019.10.17"]
[SourceQuality "1"]

1. e4 e5 2. Nf3 Nc6 3. Bb5 a6 4. Ba4 b5 5. Bb3 Bc5 6. c3 Nf6 7. d3 0-0 8. Bg5 Na5 9. Bc2 c6 10. Nxe5 Qb6 11. d4 Bd6 12. Nf3 Nc4 13. e5 Be7 14. exf6 Bxf6 15. Bxf6 gxf6 16. Qd3 Re8+ 17. Kf1 d6 18. Qxh7+ Kf8 19. Nbd2 Be6 20. b3 Na3 21. Bf5 Bd5 22. Qh8+ Ke7 23. Re1+ Be6 24. Qg7 Rg8 25. Rxe6+ Kd8 26. Qxg8+ Kd7 27. Qxf7+ 1-0

[Event "Foment Martinenc op-C 21st"]
[Site "Barcelona"]
[Date "2019.04.27"]
[Round "1"]
[White "Mangues Rubia, Alex"]
[Black "Poot Gomez, Anthony"]
[Result "1-0"]
[WhiteElo "1668"]
[BlackElo "1403"]
[PlyCount "89"]
[EventDate "2019.04.27"]
[EventType "swiss"]
[EventRounds "9"]
[EventCountry "ESP"]
[SourceTitle "EXT 2020"]
[Source "ChessBase"]
[SourceDate "2019.10.17"]
[SourceVersion "1"]
[SourceVersionDate "2019.10.17"]
[SourceQuality "1"]

1. d4 d5 2. c4 Nf6 3. cxd5 Nxd5 4. e4 Nb6 5. Nf3 Bg4 6. Be2 Bxf3 7. Bxf3 Nc6 8. Be3 e6 9. 0-0 g6 10. e5 Bg7 11. Bxc6+ bxc6 12. Qc2 Qd7 13. Rc1 0-0 14. Qxc6 Qxc6 15. Rxc6 Rac8 16. Nc3 h6 17. Nb5 Ra8 18. Rxc7 Nc8 19. Rac1 a6 20. Nc3 Nb6 21. Ne4 Nd5 22. R7c6 Ne7 23. R6c2 Rfd8 24. b4 Rab8 25. Rb1 Nd5 26. Rcb2 Bxe5 27. dxe5 Rxb4 28. Rxb4 Nxb4 29. a3 Nc2 30. a4 Na3 31. Rc1 Nc2 32. h3 Nxe3 33. fxe3 f5 34. exf6 Rd3 35. Rc8+ Kf7 36. Rc7+ Kf8 37. Kf2 Ra3 38. Nc5 Ra2+ 39. Kf3 Rc2 40. Nxe6+ Kg8 41. f7+ Kh7 42. f8N+ Kh8 43. Rg7 Rxg2 44. Kxg2 g5 45. Ng6# 1-0